000 00506nam a2200217Ia 4500
003 0100
008 130303s9999 xx 000 0 und d
020 _a0801615402
040 _cARRUPELIB
050 _aBJ1025.F181 1972
100 _aFagothey, Austin
245 _aAnthology of right and reason
260 _aSt. Louis
260 _bC.V. Mosby Company
260 _C1972
300 _ax
300 _b 412p. 26cm.
650 _aETHICS
650 _bTheology Catholic Church
942 0 0 _06
999 _c11452
_d11452